Score 0/14 Timer 08:00
0 Plays Today
Description Name % Correct
Older brotherFrank Hardy
99.1%
Younger brotherJoe Hardy
99.1%
FriendChet Morton
94.4%
FatherFenton Hardy
88.1%
AuntGertrude Hardy
84.3%
GirlfriendIola Morton
82.1%
GirlfriendCallie Shaw
80.5%
Description Name % Correct
FriendBiff Hooper
79.8%
FriendTony Prito
71.5%
MotherLaura Hardy
64.1%
Police ChiefEzra Collig
63%
FriendPhil Cohen
54.7%
Father's assistantSam Radley
54.5%
Father's pilotJack Wayne
51.1%

You're not logged in!

Compare scores with friends on all Sporcle quizzes.
OR
Log In

Sporcle TV

Today on Sporcle TV


Watch our educational content, quiz creation guides, and fun videos on Sporcle TV.

Show Comments

Extras

Top Quizzes Today


Score Distribution

Paid Content

Your Account Isn't Verified!

In order to create a playlist on Sporcle, you need to verify the email address you used during registration. Go to your Sporcle Settings to finish the process.

Report this User

Report this user for behavior that violates our Community Guidelines.

Details: